Statistiche per Nominare una Capitale Mondiale A-Z

Clicka qui per fare il quiz!

Statistiche generali

  • Questo quiz è stato fatto 1.514 volte
  • Il punteggio medio è 17 su 24

Statistiche sulle risposte

LetteraCapitale% Corretto
BBerlino | Bruxelles | Bucarest | +22
99%
RRoma | Riga | Reykjavik | Riad | Rabat | Roseau
97%
MMadrid | Mosca | Monaco | +15
96%
PParigi | Pechino | Praga | +15
96%
LLondra | Lisbona | Lussemburgo | +10
95%
AAtene | Amsterdam | Andorra la Vella | +11
94%
TTirana | Tokyo | Tallinn | +8
91%
SSan Marino | Sofia | Stoccolma | +16
91%
CCittà del Vaticano | Copenaghen | Città del Messico | +8
89%
WWashington | Wellington | Windhoek
85%
OOslo | Ottawa | Ouagadougou
84%
VVienna | Varsavia | Vilnius | +3
80%
DDublino | Damasco | Dacca | +5
79%
HHelsinki | Hanoi | Harare | Honiara
73%
KKiev | Kabul | Kingston | +8
71%
NNuova Delhi | Nicosia | Nursultan | +8
70%
GGerusalemme | Giacarta | Gibuti | +4
56%
IIl Cairo | Islamabad
52%
ZZagabria
51%
QQuito
41%
UUlan Bator
40%
EErevan
33%
YYaoundé | Yamoussoukro | Yaren
29%
FFreetown | Funafuti
28%

Distribuzione punteggi

Percentile per numero di risposta

Percentuale di utenti per punteggio

I tuoi punteggi nel tempo

Non hai fatto questo quiz